000 00478nam a2200193Ia 4500
005 20221215114823.0
008 131103s9999 xx 000 0 und d
040 _aLoreto College
041 _aEnglish
082 _a822.08
_bCHA
100 _aCharlton, J.M.
245 _aPlays of the thirties
_cJ.M.Charlton
260 _aLondon
_bPan books
_c1967
300 _av.2
650 _aEnglish drama
651 _aEnglish drama - collection
850 _aLCLIB
942 _cBK
999 _c22279
_d72758